000 02239cam a22005894i 4500
003 PE-LiUPU
005 20250731180156.0
008 150616s1993 mx rb 000 0 spa d
020 _a0838562000
020 _a9780838562000
035 _a(Sirsi) i9780838562000
040 _aPE-LiUPU
_bspa
_cPE-LiUPU
_dPE-LiUPU
_erda
049 _aPRUA
082 0 4 _a519.53061
_bD33
_221
100 1 _aDawson-Saunders, Beth,
_eautor.
245 1 0 _aBioestadística médica /
_cBeth Dawson-Saunders.
264 1 _aMéxico :
_bEditorial El Manual Moderno,
_c1993.
300 _a384 páginas ;
_c26 centímetros
336 _atext
_2rdacontent
337 _aunmediated
_2rdamedia
338 _avolume
_2rdacarrier
504 _aIncluye bibliografía.
505 0 _aIntroducción a la investigación médica -- Planes de estudio en investigación médica -- Exploración y presentación de datos.
526 _aSEG44
526 _aSEG26
526 _aP159
526 _aP155
526 _aP154
526 _aP153
526 _aP150
526 _aP100
526 _aP31
526 _aP30
526 _aP26
526 _aP25
526 _aP24
526 _aP22
526 _aP15
526 _aP10
650 0 4 _aEstadística en la medicina.
700 1 _aTrapp, Robert G.,
_eautor.
910 _ajck
_bjvq
_cjck
942 _2ddc
_cBOOK
949 _a519.53061 D33
_wDEWEY
_c1
_i42064
_d2016-6-26
_e2016-6-22
_lCCODEBUL1
_mBUL
_n1
_r0
_sY
_tBOOK
_u2015-4-23
_xSALUD
_zUNKNOWN
_0COMPRA
_o.STAFF. Colección Ciencias de la Salud
949 _a610.15195 D32 2005
_wDEWEY
_c1
_iFJ06063
_lCCODEBUJ1
_mBUJ
_p83.00
_r0
_sY
_tBOOK
_u2017-12-13
_xSALUD
_PP33
_0COMPRA
_o.STAFF -- Colección General Juliaca
994 _aC0
_bPEPRU
596 _a1 3
999 _a519.53061 D33
_wDEWEY
_c59761
_i42064
_d59761
_e2016-6-22
_f2021-11-3
_g5
_lCCODEBUL1
_mBUL
_n1
_p83.00
_r0
_sY
_tBOOK
_u2015-4-23
_xSALUD
_zUNKNOWN
_0COMPRA
_o.STAFF. Colección Ciencias de la Salud
999 _a610.15195 D32 2005
_wDEWEY
_c1
_iFJ06063
_f2022-1-25
_g3
_lCCODEBUJ1
_mBUJ
_p83.00
_r0
_sY
_tBOOK
_u2017-1-26
_xSALUD
_PP22
_0COMPRA
_o.STAFF. Colección General Juliaca
980 _81
_gALBERTO SANCHEZ Responsable de Automatización